| 000 | 00764cam a2200265 4500 | ||
|---|---|---|---|
| 008 | 090401t1991 xxu||||| |||| 00| 0 eng d | ||
| 020 | _a0070028435 | ||
| 035 | _a(Sirsi) u11914 | ||
| 041 | _aeng | ||
| 050 | _a333.330973 | ||
| 100 | _aBachner, John Philip | ||
| 245 | 4 | _aThe guide to practical property management. | |
| 260 |
_aNew York _bMcGraw-Hill Inc. _c1991 |
||
| 300 | _aix,358p. ; 23cm. | ||
| 350 | _a32.5 | ||
| 650 | _aPROPERTY-COMMERCIAL PROPERTY | ||
| 650 | _aINSTITUTIONAL PROPERTY | ||
| 650 |
_aProperty management _96262 |
||
| 650 |
_aRESIDENTIAL PROPERTY _96266 |
||
| 650 | _aUNITED STATES OF AMERICA | ||
| 690 | _aPROPERTY LAW AND PRACTICE | ||
| 710 |
_aProperty Management Association _92936 |
||
| 942 | _n0 | ||
| 948 | _c04/03/1997 | ||
| 999 |
_c86931 _d86931 |
||